Les 20 nations ayant eu le plus de pilotes de Formule 1 - Statistiques

Statistiques générales
  • Ce quiz a été pris 103 fois
  • Le résultat moyen est 15 sur 20
Statistiques - réponses
Nombre de pilotes Dernière participation Nation % Correct
146 O. Bearman, L. Hamilton, L. Norris, G. Russel (2025) Royaume-Uni
100%
72 Pierre Gasly, Isack Hadjar, Esteban Ocon (2025) France
96%
13 Fernando Alonso, Carlos Sainz (2025) Espagne
92%
84 Kimi Antonelli (2025) Italie
92%
18 Yuki Tsunoda (2025) Japon
90%
16 Max Verstappen (2025) Pays-Bas
89%
153 Logan Sargeant (2024) Etats-Unis
88%
48 Nico Hulkenberg (2025) Allemagne
85%
6 Sergio Perez (2024) Mexique
84%
32 Gabriel Bortoleto (2025) Brésil
78%
8 Valtteri Botas (2024) Finlande
75%
15 Oscar Piastri (2025) Australie
73%
23 Franco Colapinto (2025) Argentine
71%
20 Stoffel Vandoorne (2018) Belgique
71%
13 Lance Stroll (2025) Canada
71%
10 Marcus Ericsson (2018) Suède
65%
22 Sébastien Buemi (2011) Suisse
58%
10 Liam Lawson (2025) Nouvelle-Zélande
57%
14 Christian Klien (2010) Autriche
43%
17 Jody David Scheckter (1980) Afrique du Sud
40%
Aucun quiz correspondant
Distribution des résultats
% des personnes avec chaque résultat
Percentile par nombre de réponses
Votre historique - résultats
Vous n’avez pas pris ce quiz